| 000 | 00823nam a2200253Ia 4500 | ||
|---|---|---|---|
| 003 | OSt | ||
| 005 | 20220927105342.0 | ||
| 006 | a|||||r|||| 00| 0 | ||
| 007 | ta | ||
| 008 | 220926b |||||||| |||| 00| 0 eng d | ||
| 024 | _a193810 | ||
| 037 | _cReference Collections | ||
| 040 |
_aRTL _cRTL _beng |
||
| 041 |
_2eng _aeng |
||
| 082 | _a"X:89K33, Q0" | ||
| 100 |
_aNoble Allen G _9371885 |
||
| 245 | 0 |
_aGeographic and planning research themes for the new millennium _b Felicitations in honour of Professor Ashok K. Dutt. |
|
| 260 |
_aNew _b"Delhi, Vikas Publishing House " _c2000 |
||
| 300 |
_a"xii, 480p" _ccm. |
||
| 500 | _aBibliography chapterwise | ||
| 700 |
_a Thakur Baleshwar _9371886 |
||
| 942 |
_h"X:89K33, Q0" _cCC |
||
| 999 |
_c692047 _d692047 |
||